Statistics for Guess The Day Of The Week - 2021

Click here to take the quiz!

General Stats

  • This quiz has been taken 704 times
  • The average score is 9 of 10

Answer Stats

DateAnswer% Correct
July 2ndFriday
100%
May 28thFriday
100%
July 16thFriday
100%
February 5thFriday
100%
October 1stFriday
100%
February 12thFriday
100%
June 11thFriday
100%
December 10thFriday
100%
June 4thFriday
100%
October 15thFriday
100%
February 26thFriday
100%
December 3rdFriday
100%
July 30thFriday
100%
October 29thFriday
100%
May 7thFriday
100%
March 12thFriday
100%
April 30thFriday
100%
April 23rdFriday
100%
March 19thFriday
100%
April 16thFriday
100%
November 12thFriday
100%
March 26thFriday
100%
January 29thFriday
100%
June 18thFriday
100%
December 17thFriday
100%
August 6thFriday
100%
September 3rdFriday
100%
August 27thFriday
100%
January 8thFriday
100%
August 20thFriday
100%
January 15thFriday
100%
August 13thFriday
100%
September 17thFriday
100%
July 12thMonday
100%
September 20thMonday
100%
March 15thMonday
100%
August 9thMonday
100%
August 30thMonday
100%
July 26thMonday
100%
December 6thMonday
100%
October 25thMonday
100%
December 20thMonday
100%
July 19thMonday
100%
May 10thMonday
100%
March 8thMonday
100%
December 27thMonday
100%
May 3rdMonday
100%
August 23rdMonday
100%
October 11thMonday
100%
March 22ndMonday
100%
April 12thMonday
100%
January 18thMonday
100%
March 29thMonday
100%
September 13thMonday
100%
April 5thMonday
100%
June 28thMonday
100%
February 8thMonday
100%
February 1stMonday
100%
November 15thMonday
100%
November 1stMonday
100%
November 22ndMonday
100%
June 21stMonday
100%
February 15thMonday
100%
June 14thMonday
100%
August 28thSaturday
100%
April 24thSaturday
100%
September 4thSaturday
100%
April 17thSaturday
100%
July 24thSaturday
100%
July 31stSaturday
100%
April 10thSaturday
100%
September 18thSaturday
100%
May 22ndSaturday
100%
May 1stSaturday
100%
August 21stSaturday
100%
May 15thSaturday
100%
October 23rdSaturday
100%
October 16thSaturday
100%
August 14thSaturday
100%
May 29thSaturday
100%
June 5thSaturday
100%
October 9thSaturday
100%
June 12thSaturday
100%
June 19thSaturday
100%
August 7thSaturday
100%
June 26thSaturday
100%
January 2ndSaturday
100%
July 3rdSaturday
100%
November 20thSaturday
100%
October 30thSaturday
100%
February 13thSaturday
100%
March 20thSaturday
100%
January 30thSaturday
100%
December 25thSaturday
100%
December 18thSaturday
100%
February 27thSaturday
100%
January 9thSaturday
100%
December 4thSaturday
100%
March 13thSaturday
100%
November 27thSaturday
100%
January 23rdSaturday
100%
March 27thSaturday
100%
June 6thSunday
100%
August 22ndSunday
100%
June 13thSunday
100%
December 12thSunday
100%
February 14thSunday
100%
January 10thSunday
100%
March 7thSunday
100%
April 4thSunday
100%
October 3rdSunday
100%
May 30thSunday
100%
February 7thSunday
100%
October 31stSunday
100%
December 26thSunday
100%
May 23rdSunday
100%
January 3rdSunday
100%
July 4thSunday
100%
August 15thSunday
100%
August 8thSunday
100%
July 25thSunday
100%
December 5thSunday
100%
February 21stSunday
100%
December 19thSunday
100%
November 7thSunday
100%
September 5thSunday
100%
May 16thSunday
100%
July 18thSunday
100%
September 19thSunday
100%
January 31stSunday
100%
August 29thSunday
100%
July 11thSunday
100%
September 12thSunday
100%
October 7thThursday
100%
December 9thThursday
100%
February 18thThursday
100%
August 12thThursday
100%
June 17thThursday
100%
February 11thThursday
100%
June 24thThursday
100%
September 30thThursday
100%
July 1stThursday
100%
February 4thThursday
100%
July 8thThursday
100%
December 16thThursday
100%
July 22ndThursday
100%
January 28thThursday
100%
July 29thThursday
100%
June 3rdThursday
100%
September 2ndThursday
100%
March 25thThursday
100%
May 20thThursday
100%
May 6thThursday
100%
January 7thThursday
100%
December 2ndThursday
100%
November 4thThursday
100%
March 18thThursday
100%
April 22ndThursday
100%
August 26thThursday
100%
March 4thThursday
100%
March 11thThursday
100%
December 30thThursday
100%
November 25thThursday
100%
September 9thThursday
100%
April 15thThursday
100%
February 25thThursday
100%
April 27thTuesday
100%
November 2ndTuesday
100%
August 10thTuesday
100%
September 28thTuesday
100%
August 3rdTuesday
100%
July 27thTuesday
100%
February 2ndTuesday
100%
January 26thTuesday
100%
November 9thTuesday
100%
July 13thTuesday
100%
January 19thTuesday
100%
December 28thTuesday
100%
September 14thTuesday
100%
July 20thTuesday
100%
August 31stTuesday
100%
December 7thTuesday
100%
November 16thTuesday
100%
March 30thTuesday
100%
October 19thTuesday
100%
March 2ndTuesday
100%
May 18thTuesday
100%
February 16thTuesday
100%
June 15thTuesday
100%
April 6thTuesday
100%
November 23rdTuesday
100%
October 26thTuesday
100%
February 23rdTuesday
100%
October 5thTuesday
100%
April 13thTuesday
100%
May 11thTuesday
100%
June 22ndTuesday
100%
August 17thTuesday
100%
August 24thTuesday
100%
December 14tthTuesday
100%
September 7thTuesday
100%
June 29thTuesday
100%
May 25thTuesday
100%
September 1stWednesday
100%
September 15thWednesday
100%
August 11thWednesday
100%
January 13thWednesday
100%
January 20thWednesday
100%
January 6thWednesday
100%
August 25thWednesday
100%
December 22ndWednesday
100%
August 18thWednesday
100%
March 31stWednesday
100%
September 8thWednesday
100%
July 28thWednesday
100%
November 17thWednesday
100%
March 24thWednesday
100%
November 10thWednesday
100%
November 24thWednesday
100%
April 14thWednesday
100%
April 21stWednesday
100%
March 17thWednesday
100%
November 3rdWednesday
100%
April 28thWednesday
100%
December 1stWednesday
100%
March 10thWednesday
100%
October 27thWednesday
100%
March 3rdWednesday
100%
May 19thWednesday
100%
October 20thWednesday
100%
May 26thWednesday
100%
October 13thWednesday
100%
January 27thWednesday
100%
July 21stWednesday
100%
July 14thWednesday
100%
September 22ndWednesday
100%
July 7thWednesday
100%
September 29thWednesday
100%
December 15thWednesday
100%
February 10thWednesday
100%
June 23rdWednesday
100%
October 6thWednesday
100%
June 9thWednesday
100%
June 2ndWednesday
100%
January 25thMonday
86%
May 14thFriday
83%
February 19thFriday
83%
November 6thSaturday
83%
July 15thThursday
83%
December 31stFriday
80%
August 16thMonday
80%
October 2ndSaturday
80%
September 25thSaturday
80%
June 10thThursday
80%
August 5thThursday
80%
May 13thThursday
80%
December 23rdThursday
80%
September 23rdThursday
80%
January 5thTuesday
80%
September 21stTuesday
80%
December 8thWednesday
80%
September 24thFriday
75%
October 8thFriday
75%
November 26thFriday
75%
June 7thMonday
75%
January 11thMonday
75%
February 6thSaturday
75%
November 13thSaturday
75%
September 11thSaturday
75%
March 28thSunday
75%
October 24thSunday
75%
April 18thSunday
75%
November 21stSunday
75%
November 28thSunday
75%
June 27thSunday
75%
September 16thThursday
75%
January 14thThursday
75%
November 30thTuesday
75%
March 23rdTuesday
75%
June 8thTuesday
75%
December 24thFriday
67%
April 2ndFriday
67%
April 9thFriday
67%
September 27thMonday
67%
February 22ndMonday
67%
October 4thMonday
67%
April 19thMonday
67%
May 17thMonday
67%
May 8thSaturday
67%
April 3rdSaturday
67%
June 20thSunday
67%
January 17thSunday
67%
March 14thSunday
67%
September 26thSunday
67%
May 9thSunday
67%
April 29thThursday
67%
May 27thThursday
67%
July 6thTuesday
67%
October 12thTuesday
67%
May 4thTuesday
67%
June 1stTuesday
67%
February 24thWednesday
67%
August 4thWednesday
67%
June 30thWednesday
67%
February 17thWednesday
67%
April 7thWednesday
67%
June 16thWednesday
67%
May 21stMonday
60%
November 5thFriday
50%
June 25thFriday
50%
November 19thFriday
50%
July 23rdFriday
50%
January 1stFriday
50%
April 26thMonday
50%
November 29thMonday
50%
August 2ndMonday
50%
April 11thSunday
50%
January 24thSunday
50%
October 17thSunday
50%
November 11thThursday
50%
April 8thThursday
50%
October 28thThursday
50%
April 20thTuesday
50%
December 21stTuesday
50%
July 5thMonday
33%
April 25thSunday
33%
November 14thSunday
33%
May 21stFriday
0%
March 5thFriday
0%
September 10thFriday
0%
July 9thFriday
0%
January 22ndFriday
0%
October 22ndFriday
0%
January 4thMonday
0%
October 18thMonday
0%
May 24thMonday
0%
December 13thMonday
0%
September 6thMonday
0%
March 1stMonday
0%
November 8thMonday
0%
March 6thSaturday
0%
February 20thSaturday
0%
December 11thSaturday
0%
July 17thSaturday
0%
July 10thSaturday
0%
January 16thStaurday
0%
March 21stSunday
0%
August 1stSunday
0%
October 10thSunday
0%
May 2ndSunday
0%
February 28thSunday
0%
October 14thThursday
0%
August 19thThursday
0%
January 21stThursday
0%
November 18thThursday
0%
October 21stThursday
0%
April 1stThursday
0%
February 9thTuesday
0%
March 9thTuesday
0%
January 12thTuesday
0%
March 16thTuesday
0%
February 3rdWednesday
0%
May 5thWednesday
0%
December 29thWednesday
0%
May 12thWednesday
0%

Score Distribution

Percentile by Number Answered

Percent of People with Each Score

Your Score History

You have not taken this quiz